Spell the Marvel Hero #72 - Statistics

General Stats
  • This quiz has been taken 11 times
  • The average score is 8 of 9
Answer Stats
Picture Answer % Correct
Emma Frost
100%
Iron Man
100%
Punisher
100%
Rescue
100%
Yondu
100%
Hyperion
90%
Outlaw
90%
Nighthawk
70%
Hummingbird
40%
No matching quizzes found
Score Distribution
Percent of People with Each Score
Percentile by Number Answered
Your Score History
You have not taken this quiz